000 01022nam a22002777a 4500
005 20240530110905.0
008 220214s2008 ua g 000 0 ara d
017 _bمصر. دار الكتب
020 _a9789774521102
040 _aEG-CaGPL
_cEG-CaGPL
082 0 4 _221
_a323.34 /
_bق ح
100 0 _aقدرى حفنى
245 1 0 _aحقوق المراة خطوات نحو تحقيق الاصلاح /
_cاعداد قدرى حفنى ، محسن يوسف ؛ تقديم اسماعيل سراج الدين
250 _aط. 1
260 _aالاسكندرية :
_bمكتبة الاسكندرية،
_c2008
300 _a144 ص. ؛
_c24 سم
650 0 7 _2qrmak
_aحقوق المراة
650 0 7 _2qrmak
_aالاعلام
650 0 7 _2qrmak
_aالاتجار بالبشر
650 0 7 _2qrmak
_aتمكين المراة
650 0 7 _2qrmak
700 0 _aاسماعيل سراج الدين
_eمقدم
700 0 _aمحسن يوسف
_eمعد
942 _2ddc
_cBK
999 _c66193
_d66193